000
00300nam a2200121 a 4500
001
4144
005
20140414131936.0
008
090317s19uu xx 00 eng d
050
_a
REF 910.02
_b
Se8 1999
245
_a
The Seven wonders of the natural world.
260
_b
Navneet Pub.
999
_c
112463
_d
112463